|
|
|
|
| LEADER |
01592nam a22004097a 4500 |
| 001 |
35574 |
| 003 |
BD-DhAAL |
| 005 |
20250820101033.0 |
| 008 |
191218t1987 wau||||| b||| 001 0 eng d |
| 020 |
|
|
|a 0935302077
|
| 040 |
|
|
|a BD-DhAAL
|d BD-DhAAL
|
| 082 |
|
|
|a 370.78073
|
| 245 |
|
|
|a Review of research in education.
|n Volume 14, 1987/
|c edited by Ernst Z Rothkopf; contributors, Stephen L. Buka ...[et..al].
|
| 246 |
|
|
|a Review of research in education
|
| 260 |
|
|
|a Washington, D.C. :
|b American Educational Research Association,
|c 1987.
|
| 300 |
|
|
|a 436 pages ;
|c 24 cm.
|
| 362 |
|
|
|a Vol. 14
|
| 526 |
|
|
|a BIED
|
| 541 |
|
|
|a Complimentary copy from BIED
|e 35574
|
| 650 |
|
|
|a Education
|x Research
|z United States
|v Periodicals.
|9 35427
|
| 650 |
|
|
|a Education
|x Research.
|9 35428
|
| 650 |
|
|
|a Social science.
|9 35558
|
| 700 |
|
|
|a Rothkopf, Ernst Z.
|9 35429
|
| 700 |
|
|
|a Buka, Stephen L.
|9 35578
|
| 700 |
|
|
|a Chipman, Susan F.
|9 35430
|
| 700 |
|
|
|a Heney, Walter.
|9 35431
|
| 700 |
|
|
|a Kennendy, Mary M.
|9 35432
|
| 700 |
|
|
|a Kreitzer, Amelia.
|9 35433
|
| 700 |
|
|
|a Kurland, Midian.
|9 35434
|
| 700 |
|
|
|a Madaus, George.
|9 35435
|
| 700 |
|
|
|a Pea, Roy D.
|9 35436
|
| 700 |
|
|
|a Zigler, Edward.
|9 35061
|
| 710 |
|
|
|a American Educational Research Association,
|e issuing body.
|9 35441
|
| 852 |
|
|
|a Ayesha Abed Library
|
| 942 |
|
|
|2 ddc
|c BK
|
| 999 |
|
|
|c 42067
|d 42067
|
| 952 |
|
|
|0 0
|1 0
|2 ddc
|4 0
|6 370_780730000000000_REV
|7 0
|9 67502
|a BRACUL
|b BRACUL
|c GEN
|d 2019-12-18
|e Complimentary copy from BIED
|l 0
|o 370.78073 REV
|p 3010035574
|r 2019-12-18
|t 1
|w 2019-12-18
|y BK
|x Transferred from BIED to General Stacks
|